| 000 | 00477nam a2200181 4500 | ||
|---|---|---|---|
| 003 | LK-CoMWRAF | ||
| 005 | 20230908112337.0 | ||
| 008 | 230908b1945 |||||||| |||| 00| 0 eng d | ||
| 020 | _a8170110793 | ||
| 040 |
_aLK-CoMWRAF _dLK-CoMWRAF _eLK-CoMWRAF |
||
| 041 | _aeng | ||
| 082 |
_a808.86 _bNEH |
||
| 100 | _aNehru, Jayaharlal | ||
| 111 |
_aLondon : _cGeoffrey Cumberlege, _d1945 |
||
| 245 | _aLetters from a father to his daughter | ||
| 650 | _aHistory-Ancient | ||
| 942 | _cBK | ||
| 999 |
_c3483 _d3483 |
||